Match 100 French-Canadian verbs - Statistics

General Stats
  • This quiz has been taken 27 times
  • The average score is 68 of 100
Answer Stats
Hint Answer % Correct
aller to go
90%
chanter to sing
90%
prendre to take
90%
voyager to travel
90%
visiter to visit
90%
attaquer to attack
86%
construire to build
86%
acheter to buy
86%
changer to change
86%
fermer to close
86%
cuisiner to cook
86%
danser to dance
86%
défendre to defend
86%
mourir to die
86%
faire to do
86%
manger to eat
86%
finir to finish
86%
pêcher to fish
86%
donner to give
86%
aider to help
86%
hésiter to hesitate
86%
adorer to love
86%
jouer to play
86%
lire to read
86%
dire to say
86%
vendre to sell
86%
dormir to sleep
86%
étudier to study
86%
penser to think
86%
toucher to touch
86%
laver to wash
86%
écrire to write
86%
boire to drink
81%
conduire/chauffer to drive
81%
écouter to listen
81%
naviguer to navigate
81%
avoir besoin to need
81%
négocier to negociate
81%
ouvrir to open
81%
recevoir des invités to receive guests
81%
arrêter to stop
81%
prendre l'ascenseur to take the elevator
81%
aller en ville going downtown
76%
être prudent to be careful
76%
couper to cut
76%
garder to keep
76%
apprendre to learn
76%
marier to marry
76%
imiter to mimic
76%
réveiller to wake up
76%
marcher to walk
76%
vouloir to want
76%
féliciter to congratulate
71%
détruire to destroy
71%
dessiner to draw
71%
mentir to lie
71%
peindre to paint
71%
courir to run
71%
enseigner to teach
71%
créer to create
67%
vider to empty
67%
hanter to haunt
67%
chasser to hunt
67%
sauter to jump
67%
tuer to kill
67%
allumer to light up / turn on
67%
prendre en note to take note off
67%
regarder to watch
67%
geler to freeze
62%
sauter à la corde to jump-rope
62%
aimer to like
62%
magasiner to shop
62%
lancer to throw
62%
porter/être vêtu de to wear
62%
faire peur to be scary
57%
escalader to climb
57%
taper to tap
57%
se lever to stand up
52%
se faire achaler to be verbaly harassed
48%
saigner to bleed
48%
souffler to blow
48%
contourner to go around
48%
commander à l'auto to go to the drive-thru
48%
gérer to manage
48%
déneiger to remove snow
48%
mordre to bite
43%
frencher to kiss passionately
43%
éteindre to light off / turn off
43%
déménager to move out
43%
coller to glue / to give a hug
38%
se renseigner to look for information
38%
sacrer to swear (to say swears)
33%
échanger to trade
33%
chamailler to argue
29%
jurer to swear (to swear to tell the truth)
29%
chialer to cry
24%
s'effoirer to sit or lay down in a lazyish way
24%
jeter to throw away
24%
brasser to shake / to stir
19%
jaser to speak
19%
No matching quizzes found
Score Distribution
Percent of People with Each Score
Percentile by Number Answered
Your Score History
You have not taken this quiz